000 00803nam a2200169 a 4500
008 091005s2008 ||||||||||||||||| || u
050 _aACU(05)L/2004/4
110 _aAssociation of Commonwealth Universities [ACU]
245 1 0 _aLINK: connecting Commonwealth librarians
_cThe magazine of the Association of Commonwealth Universities' Libraries & Information Network
260 _aLondon:
_bACU
_c2008-
350 _a0.00
362 1 _a<p>Issue 4 August 2004; Issue 8 December 2009</p>
650 _aCOMMONWEALTH UNIVERSITIES--LIBRARY SERVICES
650 _aLIBRARIES--HANDBOOKS, MANUALS, ETC
650 _aCOMMONWEALTH UNIVERSITIES--NETWORKS, LIBRARIES
995 _FCBU-MAIN LIBRARY (Kitwe)
_I0.00
_UAVAILABLE
_WJan 30, 2019
_ZInternational Publications
999 _c49328
_d49328